03: Addition und Subtraktion bis 10 - Statistiken

Allgemein
  • Dieses Quiz wurde 3.262 mal gespielt
  • Das Durchschnittsergebnis liegt bei 20 aus 20
Antwortstatistiken
Problem Solution % Korrekt
8-8 0
100%
5-5 0
100%
4-4 0
100%
0-0 0
100%
9-8 1
100%
8-7 1
100%
6-5 1
100%
5-4 1
100%
4-3 1
100%
3-2 1
100%
0+10 10
100%
8+2 10
100%
9+1 10
100%
10-0 10
100%
2+0 2
100%
0+3 3
100%
2+1 3
100%
9-6 3
100%
7-4 3
100%
4-1 3
100%
3-0 3
100%
2+2 4
100%
3+1 4
100%
10-6 4
100%
7-3 4
100%
6-2 4
100%
5-1 4
100%
4-0 4
100%
1+4 5
100%
2+3 5
100%
3+2 5
100%
4+1 5
100%
5+0 5
100%
9-4 5
100%
6-1 5
100%
2+4 6
100%
3+3 6
100%
10-4 6
100%
8-2 6
100%
6-0 6
100%
0+7 7
100%
7+0 7
100%
9-2 7
100%
8-1 7
100%
4+4 8
100%
7+1 8
100%
10-2 8
100%
0+9 9
100%
2+7 9
100%
6+3 9
100%
8+1 9
100%
10-1 9
100%
9-0 9
100%
0+0 0
99%
10-10 0
99%
6-6 0
99%
3-3 0
99%
1-1 0
99%
0+1 1
99%
1+0 1
99%
10-9 1
99%
7-6 1
99%
2+8 10
99%
3+7 10
99%
0+2 2
99%
1+1 2
99%
8-6 2
99%
7-5 2
99%
6-4 2
99%
5-3 2
99%
3-1 2
99%
1+2 3
99%
3+0 3
99%
8-5 3
99%
6-3 3
99%
5-2 3
99%
0+4 4
99%
4+0 4
99%
9-5 4
99%
8-4 4
99%
0+5 5
99%
8-3 5
99%
7-2 5
99%
5-0 5
99%
0+6 6
99%
4+2 6
99%
6+0 6
99%
9-3 6
99%
7-1 6
99%
1+6 7
99%
2+5 7
99%
3+4 7
99%
5+2 7
99%
6+1 7
99%
10-3 7
99%
2+6 8
99%
6+2 8
99%
8+0 8
99%
9-1 8
99%
1+8 9
99%
3+6 9
99%
7+2 9
99%
9-9 0
98%
7-7 0
98%
2-1 1
98%
1-0 1
98%
1+9 10
98%
4+6 10
98%
5+5 10
98%
6+4 10
98%
10+0 10
98%
9-7 2
98%
4-2 2
98%
10-5 5
98%
1+5 6
98%
5+1 6
98%
4+3 7
98%
7-0 7
98%
0+8 8
98%
3+5 8
98%
5+3 8
98%
8-0 8
98%
4+5 9
98%
5+4 9
98%
9+0 9
98%
10-8 2
97%
2-0 2
97%
10-7 3
97%
1+3 4
97%
2-2 0
96%
7+3 10
96%
1+7 8
95%
Keine übereinstimmenden Quizze gefunden
Verteilung der Resultate
Anzahl Personen mit jedem Resultat
Perzentil nach korrekt beantworteten Fragen
Ihre Resultats-Entwicklung
Sie haben dieses Quiz noch nicht gespielt